Urbanistický atlas Bratislavy /

Guardado en:
Detalles Bibliográficos
Autor principal: Žalman, Peter, 1953-
Formato: Libro
Lenguaje:eslovaco
Publicado: Bratislava : GDA VISUAL, 2016
Edición:1. vydanie
Materias:
Etiquetas: Agregar Etiqueta
Sin Etiquetas, Sea el primero en etiquetar este registro!

MARC

LEADER 00000nam a22000003a 4500
001 0025859
003 SK-STU
005 20221012104936.5
007 ta
008 170906s ----xo-----e------000-0-----d
020 |a 978-80-972542-0-9 
040 |a STU  |b slo 
041 0 |h slo  |a slo 
044 |a xo 
100 1 |a Žalman, Peter,  |d 1953-  |X 339  |7 A000000339 
245 1 0 |a Urbanistický atlas Bratislavy /  |c Peter Žalman 
250 |a 1. vydanie 
260 |a Bratislava :  |b GDA VISUAL,  |c 2016 
300 |b 400 ks 
650 0 7 |a urbanizmus sídiel 
650 0 7 |a Bratislava 
650 0 7 |a veľký územný celok 
650 0 7 |a vývoj stavby miest 
650 0 7 |a mestský rozvoj 
650 0 7 |a územný plán Bratislavy 
650 0 7 |a aglomerácia 
650 0 7 |a regulačný plán 
650 0 7 |a zahusťovanie 
650 0 7 |a doprava 
996 |b 284AU07042  |c A* 10271/U  |l AAKNST  |s P  |a 0  |w 0025859_0001 
996 |b 284AU07043  |c A* 10272/U  |l AAKNAR  |s A  |a 24  |w 0025859_0002 
996 |b 284AU07141  |c A* 10371/U  |l AA2120  |s P  |a 0  |w 0025859_0003 
996 |b 284AU07552  |c A* 10800/U  |l AAKNAR  |s A  |a 24  |w 0025859_0004 
996 |b 284AU08386  |c A* 11646/U  |l AAKNAR  |s A  |a 24  |w 0025859_0005 
996 |b 284V037754  |c V* 53346/O-24506  |l VVT  |s A  |a 24  |w 0025859_0006 
996 |b 284V037755  |c V* 53347/O-24507  |l VVS  |s A  |a 24  |w 0025859_0007